01561cam a22003251 4500001001300000003000400013005001700017008004100034010001700075035002000092040004300112042001200155043001200167050002200179082001000201110005500211245046500266260002600731300006600757490002900823504011100852650002000963650001300983650004200996650005301038700002401091700002501115810007801140999001701218e 40000521 DLC20260227111229.0840412s1940 ncuagk b s000 0 eng c ae 40000521  a(OCoLC)10623572 aU.S. Off. of educ.. LibrarycDNIEdDLC apremarc an-us-nc00aL184b.B2 no. 219 a371.71 aNorth Carolina.bDepartment of Public Instruction.10aPhysical and health education for elementary and secondary schools. 1940.cPrepared by Charles E. Spencer, adviser of health and physical education, Division of instructional service, Olive Duncan Brown, assistant adviser of physical education, Division of school health coordinating service, and various committees of teachers and administrators of the public schools and colleges of North Carolina. Issued by the state superintendent of public instruction. aRaleigh, N.C.c[1940] ax, 349 p.bincl. illus. (incl. music) diagrs., forms.c23 cm.1 aIts Publicationvno. 219 aBibliography: p. [303]-313. "A selected list of free and inexpensive pamphlets and booklets": p. 326-331. 0aSchool hygiene. 0aHygiene. 0aEducationxCurriculazNorth Carolina. 0aPhysical education and trainingzNorth Carolina.1 aSpencer, Charles E.1 aBrown, Olive Duncan.1 aNorth Carolina.bDepartment of Public Instruction.tPublicationvno. 219. c21736d21736